[Event "MCR_SF24"]
[Site "?"]
[Date "2010.??.??"]
[Round "?"]
[White "Dlouhy, Radek"]
[Black "Farny, Miroslav"]
[Result "1-0"]
[WhiteElo "2160"]
[BlackElo "1995"]
[PlyCount "39"]
[EventDate "2010.??.??"]
[EventType "corr"]
[EventRounds "2"]
[SourceDate "2010.08.23"]

1. e4 e5 2. Nf3 Nc6 3. Bb5 d6 4. d4 Bd7 5. Nc3 a6 6. Bxc6 Bxc6 7. dxe5 dxe5 8.
Qxd8+ Rxd8 9. Nxe5 Nh6 10. Nxc6 bxc6 11. Bxh6 gxh6 12. Rd1 Rxd1+ 13. Nxd1 Rg8
14. g3 Rg6 15. Ne3 Re6 16. f3 Bg7 17. c3 Bh8 18. Nf5 c5 19. Kd2 Rb6 20. Kc2 1-0

[Event "MCR_SF24"]
[Site "?"]
[Date "2010.??.??"]
[Round "?"]
[White "Dlouhy, Radek"]
[Black "Fejfar, Vlastimil"]
[Result "1/2-1/2"]
[WhiteElo "2160"]
[BlackElo "2186"]
[PlyCount "105"]
[EventDate "2010.??.??"]
[EventType "corr"]
[EventRounds "2"]
[SourceDate "2010.08.23"]

1. e4 e5 2. Nf3 Nc6 3. Bb5 a6 4. Ba4 Nf6 5. O-O Be7 6. Re1 b5 7. Bb3 O-O 8. c3
d5 9. exd5 Nxd5 10. Nxe5 Nxe5 11. Rxe5 c6 12. d3 Bd6 13. Re1 Qh4 14. g3 Qh3 15.
Re4 Qf5 16. Nd2 Qg6 17. Re1 Bg4 18. f3 Bh3 19. Ne4 Bc7 20. a4 Rae8 21. axb5
axb5 22. Kh1 h6 23. Bd2 Kh8 24. d4 Qh5 25. Kg1 Qg6 26. Re2 Qf5 27. Rf2 Qg6 28.
Kh1 f5 29. Nc5 f4 30. Bc2 Qf6 31. gxf4 Bxf4 32. Bxf4 Nxf4 33. Qd2 Qh4 34. Be4
Rf6 35. Qe3 Nd5 36. Qe2 Nf4 37. Qc2 Nd5 38. Rg1 Nf4 39. Qd2 Bf5 40. Bxf5 Rxf5
41. Rg4 Qh3 42. Rg3 Ra8 43. Rfg2 Qh5 44. Rg1 Nh3 45. Rf1 Raf8 46. Qe2 Re8 47.
Qd1 Re3 48. Nd3 Nf4 49. Nxf4 Rxf4 50. Qd2 Rfxf3 51. Rfxf3 Rxf3 52. Qd1 Rf5 53.
Qxh5 1/2-1/2

[Event "MCR_SF24"]
[Site "?"]
[Date "2010.??.??"]
[Round "?"]
[White "Dlouhy, Radek"]
[Black "Goc, Pavel"]
[Result "1/2-1/2"]
[WhiteElo "2160"]
[BlackElo "2154"]
[PlyCount "100"]
[EventDate "2010.??.??"]
[EventType "corr"]
[EventRounds "2"]
[SourceDate "2010.08.23"]

1. d4 Nf6 2. c4 e6 3. Nf3 b6 4. g3 Bb7 5. Bg2 Be7 6. O-O O-O 7. Nc3 Ne4 8. Qc2
Nxc3 9. Qxc3 f5 10. b3 Bf6 11. Bb2 d6 12. Rad1 a5 13. Ne1 Bxg2 14. Nxg2 Nc6 15.
Qd2 Qd7 16. d5 Nd8 17. Bxf6 Rxf6 18. dxe6 Nxe6 19. Nf4 Nxf4 20. Qxf4 Re8 21. e3
Re4 22. Qf3 g6 23. h4 Rfe6 24. Rd5 h5 25. Qd1 Qg7 26. Qd2 Qf6 27. Kg2 Re8 28.
Qc1 Qe6 29. Rfd1 Re5 30. Qc3 Kf7 31. Qb2 Rxd5 32. cxd5 Qe4+ 33. Kg1 Re7 34. Rd4
Qe5 35. Qc2 Rd7 36. Rc4 Qe7 37. Rf4 Kg7 38. e4 fxe4 39. Rxe4 Qf7 40. Re6 Re7
41. a4 Rxe6 42. dxe6 Qe7 43. Qc3+ Kg8 44. Qe3 Kg7 45. Kg2 Kh7 46. Qe4 Kg7 47.
Qd4+ Qf6 48. Qd5 Qe7 49. Kf1 Kf8 50. Qf3+ Kg8 1/2-1/2

[Event "MCR_SF24"]
[Site "?"]
[Date "2010.??.??"]
[Round "?"]
[White "Dlouhy, Radek"]
[Black "Struzka, Vlastimil"]
[Result "1-0"]
[WhiteElo "2160"]
[BlackElo "2235"]
[PlyCount "93"]
[EventDate "2010.??.??"]
[EventType "corr"]
[EventRounds "2"]
[SourceDate "2010.08.23"]

1. e4 c5 2. Nf3 Nc6 3. Bb5 g6 4. O-O Bg7 5. Re1 Nf6 6. e5 Nd5 7. Nc3 Nc7 8.
Bxc6 dxc6 9. Ne4 Ne6 10. d3 b6 11. a4 O-O 12. a5 b5 13. Be3 Qd5 14. Qd2 Bxe5
15. Nxe5 Qxe5 16. f4 Qd5 17. Qf2 c4 18. Nc3 Qf5 19. dxc4 bxc4 20. Bxa7 Nxf4 21.
Bc5 Re8 22. Re4 e5 23. Rxc4 Qe6 24. Rb4 f5 25. Rb6 Qd7 26. Qf1 Qd2 27. a6 Qxc2
28. a7 Nd3 29. Rb8 Bd7 30. Bd6 h5 31. Qf3 h4 32. h3 Nxb2 33. Bxe5 Nd3 34. Rxe8+
Bxe8 35. Bd4 Kf7 36. Qe3 f4 37. Qe4 Bd7 38. Ra2 Qc1+ 39. Kh2 f3 40. Qxd3 Qf4+
41. Kh1 c5 42. Be3 Qf5 43. Ne4 Kg8 44. Qb3+ Be6 45. Qb8+ Qf8 46. Rb2 fxg2+ 47.
Kh2 1-0

[Event "MCR_SF24"]
[Site "?"]
[Date "2010.??.??"]
[Round "?"]
[White "Dlouhy, Radek"]
[Black "Trs, Jan"]
[Result "1-0"]
[WhiteElo "2160"]
[BlackElo "2075"]
[PlyCount "85"]
[EventDate "2010.??.??"]
[EventType "corr"]
[EventRounds "2"]
[SourceDate "2010.08.23"]

1. d4 Nf6 2. c4 g6 3. Nc3 d5 4. cxd5 Nxd5 5. e4 Nxc3 6. bxc3 Bg7 7. Nf3 c5 8.
Rb1 O-O 9. Be2 cxd4 10. cxd4 Qa5+ 11. Bd2 Qxa2 12. O-O Bg4 13. Bg5 h6 14. Be3
Nc6 15. d5 Bxf3 16. Bxf3 Ne5 17. Rxb7 Nxf3+ 18. Qxf3 Qa3 19. Rfb1 a5 20. Qe2 a4
21. g3 Rfc8 22. Kg2 Rc3 23. R1b4 Rb3 24. R4b5 Kh7 25. h4 Rc8 26. h5 Rxb5 27.
hxg6+ fxg6 28. Rxb5 Qc3 29. Rb7 Rc7 30. Rb6 h5 31. Qf3 Bh6 32. e5 Bg7 33. Qe4
Qc2 34. Qxc2 Rxc2 35. Rb7 a3 36. d6 a2 37. Bd4 Rc4 38. dxe7 Rc8 39. Ra7 Re8 40.
f4 Kg8 41. Bc5 Kf7 42. Rxa2 Rc8 43. Ra5 1-0

[Event "MCR_SF24"]
[Site "?"]
[Date "2010.??.??"]
[Round "?"]
[White "Farny, Miroslav"]
[Black "Dlouhy, Radek"]
[Result "0-1"]
[WhiteElo "1995"]
[BlackElo "2160"]
[PlyCount "82"]
[EventDate "2010.??.??"]
[EventType "corr"]
[EventRounds "2"]
[SourceDate "2010.08.23"]

1. d4 Nf6 2. c4 g6 3. Nc3 d5 4. e3 Bg7 5. Nf3 O-O 6. h3 c5 7. dxc5 Qa5 8. Bd2
Qxc5 9. Qb3 dxc4 10. Qxc4 Na6 11. e4 Be6 12. Qxc5 Nxc5 13. Ng5 Rfd8 14. Be3
Rac8 15. Rd1 Nfd7 16. Rd2 a6 17. Be2 Bxc3 18. bxc3 Na4 19. Nxe6 fxe6 20. c4 Ne5
21. c5 Nd7 22. f3 Ndxc5 23. Kf2 Rf8 24. Kg3 Nc3 25. Kh4 Nxe2 26. Rxe2 Rfd8 27.
Rc1 Nd3 28. Rcc2 Kf7 29. Red2 Rxc2 30. Rxc2 Ne1 31. Re2 Rd1 32. Kg3 b5 33. e5
Nd3 34. f4 Ra1 35. Bd4 Rf1 36. Be3 a5 37. Rd2 Nb4 38. Bb6 a4 39. Rb2 Nd5 40.
Rxb5 Ra1 41. Ra5 Nxb6 0-1

[Event "MCR_SF24"]
[Site "?"]
[Date "2010.??.??"]
[Round "?"]
[White "Farny, Miroslav"]
[Black "Fejfar, Vlastimil"]
[Result "1/2-1/2"]
[WhiteElo "1995"]
[BlackElo "2186"]
[PlyCount "35"]
[EventDate "2010.??.??"]
[EventType "corr"]
[EventRounds "2"]
[SourceDate "2010.08.23"]

1. e4 e5 2. Nf3 Nc6 3. Bb5 a6 4. Ba4 Nf6 5. O-O b5 6. Bb3 Be7 7. Re1 O-O 8. c3
d5 9. exd5 Nxd5 10. Nxe5 Nxe5 11. Rxe5 c6 12. Bxd5 cxd5 13. d4 Bd6 14. Re3 Qh4
15. h3 Qf4 16. Re5 Qf6 17. Re3 Qf4 18. Re5 1/2-1/2

[Event "MCR_SF24"]
[Site "?"]
[Date "2010.??.??"]
[Round "?"]
[White "Farny, Miroslav"]
[Black "Goc, Pavel"]
[Result "1/2-1/2"]
[WhiteElo "1995"]
[BlackElo "2154"]
[PlyCount "65"]
[EventDate "2010.??.??"]
[EventType "corr"]
[EventRounds "2"]
[SourceDate "2010.08.23"]

1. Nf3 d5 2. d4 Nf6 3. Bf4 Bf5 4. e3 e6 5. Bd3 Bxd3 6. Qxd3 c6 7. O-O Nbd7 8.
c4 dxc4 9. Qxc4 Be7 10. Nbd2 O-O 11. e4 c5 12. Rac1 Rc8 13. Rfd1 Nb6 14. Qd3
cxd4 15. Nb3 Qd7 16. Nbxd4 Rxc1 17. Rxc1 Rc8 18. b3 Rxc1+ 19. Bxc1 Qc7 20. Bb2
Qf4 21. Nd2 Nbd7 22. Ne2 Qh4 23. Bd4 Nc5 24. Qc2 b6 25. g3 Qh6 26. b4 Ncd7 27.
Qc8+ Bf8 28. Nf3 Qh5 29. Kg2 e5 30. Be3 Qg4 31. Nc3 Qe6 32. Ng5 Qe8 33. Qc4
1/2-1/2

[Event "MCR_SF24"]
[Site "?"]
[Date "2010.??.??"]
[Round "?"]
[White "Farny, Miroslav"]
[Black "Struzka, Vlastimil"]
[Result "0-1"]
[WhiteElo "1995"]
[BlackElo "2235"]
[PlyCount "44"]
[EventDate "2010.??.??"]
[EventType "corr"]
[EventRounds "2"]
[SourceDate "2010.08.23"]

1. e4 c5 2. c4 g6 3. Nc3 Bg7 4. Qc2 Nc6 5. d3 Nd4 6. Qd1 d6 7. Nf3 Bg4 8. Be2
Bxf3 9. Bxf3 e6 10. Bd2 Ne7 11. Bf4 a6 12. Bg3 Qb6 13. Rb1 Nxf3+ 14. gxf3 f5
15. h3 O-O 16. a3 f4 17. Bh2 Nc6 18. Ne2 Nd4 19. Nxf4 Rf6 20. Ng2 Nxf3+ 21. Kf1
Bh6 22. Ra1 Qxb2 0-1

[Event "MCR_SF24"]
[Site "?"]
[Date "2010.??.??"]
[Round "?"]
[White "Farny, Miroslav"]
[Black "Trs, Jan"]
[Result "1/2-1/2"]
[WhiteElo "1995"]
[BlackElo "2075"]
[PlyCount "92"]
[EventDate "2010.??.??"]
[EventType "corr"]
[EventRounds "2"]
[SourceDate "2010.08.23"]

1. Nf3 d5 2. d4 Nf6 3. c4 c6 4. Nc3 e6 5. e3 Nbd7 6. Qc2 Bd6 7. Bd3 O-O 8. O-O
dxc4 9. Bxc4 e5 10. Bb3 Qc7 11. Rd1 a5 12. Bd2 exd4 13. exd4 Nb6 14. Re1 g6 15.
Qd1 Bf5 16. Ne5 Nbd7 17. Bf4 Rae8 18. Rc1 Qb8 19. Bh6 Nxe5 20. dxe5 Bxe5 21.
Bxf8 Bxh2+ 22. Kh1 Rxf8 23. g3 Bxg3 24. fxg3 Qxg3 25. Qd2 Ng4 26. Re2 Qh3+ 27.
Kg1 Ne5 28. Qe3 Nf3+ 29. Kf2 Bg4 30. Qf4 Nh4 31. Qg3 Qxg3+ 32. Kxg3 Bxe2 33.
Kxh4 Bd3 34. Re1 b5 35. Re7 a4 36. Bd1 Rd8 37. Bf3 Rd4+ 38. Kg3 Bc4 39. Bxc6 a3
40. b3 Rd3+ 41. Kf2 Bxb3 42. Nxb5 Bxa2 43. Re3 Rxe3 44. Kxe3 Kg7 45. Nxa3 Kf6
46. Nc2 h5 1/2-1/2

[Event "MCR_SF24"]
[Site "?"]
[Date "2010.??.??"]
[Round "?"]
[White "Fejfar, Vlastimil"]
[Black "Dlouhy, Radek"]
[Result "0-1"]
[WhiteElo "2186"]
[BlackElo "2160"]
[PlyCount "106"]
[EventDate "2010.??.??"]
[EventType "corr"]
[EventRounds "2"]
[SourceDate "2010.08.23"]

1. e4 e5 2. Nf3 Nc6 3. Bc4 Nf6 4. d4 exd4 5. O-O Nxe4 6. Re1 d5 7. Bxd5 Qxd5 8.
Nc3 Qh5 9. Nxe4 Be6 10. Bg5 Bd6 11. Nxd6+ cxd6 12. Bf4 Qd5 13. c3 Qf5 14. Qd2
dxc3 15. bxc3 O-O 16. Bxd6 Rfd8 17. Qf4 Qxf4 18. Bxf4 Rd3 19. Re3 Rad8 20. a3
Bc4 21. Rae1 f6 22. Rxd3 Rxd3 23. Re3 Rd7 24. Re1 Kf7 25. Nd2 Ne5 26. Bxe5 Rxd2
27. Bb8 a6 28. Bc7 Be6 29. h3 Rc2 30. Re3 Ra2 31. Bd6 Rd2 32. Bc5 Rd5 33. Bb6
Rb5 34. Bc7 Rb1+ 35. Kh2 Ra1 36. Bd6 Rd1 37. Bc5 Rd5 38. Bb6 Rb5 39. Bc7 Rb2
40. Kg3 g5 41. Rd3 h5 42. f4 Bf5 43. Re3 h4+ 44. Kh2 g4 45. hxg4 Bxg4 46. Bd6
Kg6 47. Kg1 Bd7 48. Rf3 Bc6 49. Rf2 Rb1+ 50. Kh2 Rd1 51. Bc5 Rd3 52. Bd4 f5 53.
Re2 Be4 0-1

[Event "MCR_SF24"]
[Site "?"]
[Date "2010.??.??"]
[Round "?"]
[White "Fejfar, Vlastimil"]
[Black "Farny, Miroslav"]
[Result "1-0"]
[WhiteElo "2186"]
[BlackElo "1995"]
[PlyCount "25"]
[EventDate "2010.??.??"]
[EventType "corr"]
[EventRounds "2"]
[SourceDate "2010.08.23"]

1. e4 c5 2. Nf3 Nc6 3. Bb5 g6 4. O-O Bg7 5. c3 Nf6 6. d4 Nxe4 7. d5 Nd6 8. Bd3
Ne5 9. Nxe5 Bxe5 10. Qe2 Bf6 11. Bh6 Nf5 12. Bxf5 e6 13. Bg4 1-0

[Event "MCR_SF24"]
[Site "?"]
[Date "2010.??.??"]
[Round "?"]
[White "Fejfar, Vlastimil"]
[Black "Goc, Pavel"]
[Result "1/2-1/2"]
[WhiteElo "2186"]
[BlackElo "2154"]
[PlyCount "82"]
[EventDate "2010.??.??"]
[EventType "corr"]
[EventRounds "2"]
[SourceDate "2010.08.23"]

1. e4 e5 2. Nf3 Nc6 3. d4 exd4 4. Nxd4 Bc5 5. Be3 Qf6 6. c3 Nge7 7. Bc4 Ne5 8.
Be2 Qg6 9. Nb5 Bxe3 10. Nxc7+ Kd8 11. Nxa8 Qxg2 12. Rf1 Bf4 13. Qa4 N7c6 14.
Nd2 b6 15. Qb5 Bb7 16. Nxb6 axb6 17. Qxb6+ Kc8 18. b4 d6 19. a4 Bxd2+ 20. Kxd2
Qxe4 21. Qe3 Nc4+ 22. Bxc4 Qxc4 23. f4 d5 24. Qd3 Re8 25. Qxc4 dxc4 26. Rg1 g6
27. Rge1 Rd8+ 28. Kc2 f5 29. Rad1 Rxd1 30. Kxd1 Kd7 31. Ke2 Ne7 32. Rd1+ Kc7
33. Rd4 Bd5 34. Ke3 h6 35. h4 Bf7 36. b5 Nd5+ 37. Kd2 Nf6 38. a5 Bd5 39. Kc1
Kd6 40. b6 Kc5 41. Rd1 Kc6 1/2-1/2

[Event "MCR_SF24"]
[Site "?"]
[Date "2010.??.??"]
[Round "?"]
[White "Fejfar, Vlastimil"]
[Black "Struzka, Vlastimil"]
[Result "1-0"]
[WhiteElo "2186"]
[BlackElo "2235"]
[PlyCount "123"]
[EventDate "2010.??.??"]
[EventType "corr"]
[EventRounds "2"]
[SourceDate "2010.08.23"]

1. e4 c5 2. Nf3 Nc6 3. d4 cxd4 4. Nxd4 g6 5. c4 Bg7 6. Be3 Nf6 7. Nc3 Ng4 8.
Qxg4 Nxd4 9. Qd1 Ne6 10. Rc1 O-O 11. Bd3 d6 12. O-O Bd7 13. Qd2 Qa5 14. b3 Nc5
15. Bb1 Rfe8 16. Rfd1 Rac8 17. Bh6 Bxh6 18. Qxh6 Qa3 19. Nd5 Be6 20. Rc3 Qb2
21. Qe3 Bxd5 22. cxd5 a5 23. Rdc1 Rc7 24. R3c2 Qa3 25. e5 Rec8 26. exd6 exd6
27. Re1 a4 28. Rc3 Nd7 29. Rxc7 Rxc7 30. bxa4 Qxa4 31. Qe7 Qa5 32. Rf1 Qc5 33.
Qg5 Kg7 34. Be4 Nf6 35. Bf3 Qd4 36. Qe3 Qxe3 37. fxe3 g5 38. g4 Rc3 39. Re1 Ra3
40. Re2 Nd7 41. Be4 Nc5 42. Bf5 b5 43. e4 Nd3 44. Rc2 b4 45. Kf1 h6 46. Rd2 Kf8
47. Rc2 Ke7 48. Ke2 Kf6 49. Kd1 Ke5 50. Re2 Nc5 51. Rb2 h5 52. gxh5 Nd3 53. Rc2
Nf4 54. h6 Ra8 55. h7 Ng6 56. Rc7 Nh8 57. Rb7 Kf6 58. Rb6 Rd8 59. Kc2 g4 60.
Kb3 Ke5 61. Kxb4 Ng6 62. a4 1-0

[Event "MCR_SF24"]
[Site "?"]
[Date "2010.??.??"]
[Round "?"]
[White "Fejfar, Vlastimil"]
[Black "Trs, Jan"]
[Result "0-1"]
[WhiteElo "2186"]
[BlackElo "2075"]
[PlyCount "100"]
[EventDate "2010.??.??"]
[EventType "corr"]
[EventRounds "2"]
[SourceDate "2010.08.23"]

1. e4 c5 2. Nf3 d6 3. d4 cxd4 4. Nxd4 Nf6 5. Nc3 a6 6. Bg5 e6 7. f4 Be7 8. Qf3
Qc7 9. O-O-O Nbd7 10. Bd3 h6 11. Bh4 g5 12. fxg5 Ne5 13. Qe2 Nfg4 14. Nf3 hxg5
15. Bg3 Nxf3 16. Qxf3 Ne5 17. Qe3 Bd7 18. Be2 b5 19. a3 Qa7 20. Qd4 Qxd4 21.
Rxd4 f6 22. Rhd1 Kf7 23. Rf1 Bc6 24. Kb1 Rab8 25. Nd1 a5 26. b3 Ng6 27. Nf2 e5
28. Rd2 Nf4 29. Bf3 Nh5 30. Bxh5+ Rxh5 31. Rfd1 Rd8 32. Ng4 Ke6 33. Re2 Rhh8
34. Bf2 a4 35. b4 Rd7 36. Bg3 Bb7 37. Kb2 Rc7 38. Nf2 Rhc8 39. Red2 Rc4 40. Re2
Bd8 41. Kc1 Bb6 42. Kb1 Bd4 43. Ng4 Bc3 44. Rf1 Rxe4 45. Rxe4 Bxe4 46. Rxf6+
Ke7 47. Rf2 Bd4 48. Re2 Bf5 49. Nh6 Bg6 50. Be1 Rf8 0-1

[Event "MCR_SF24"]
[Site "?"]
[Date "2010.??.??"]
[Round "?"]
[White "Goc, Pavel"]
[Black "Dlouhy, Radek"]
[Result "0-1"]
[WhiteElo "2154"]
[BlackElo "2160"]
[PlyCount "72"]
[EventDate "2010.??.??"]
[EventType "corr"]
[EventRounds "2"]
[SourceDate "2010.08.23"]

1. d4 d5 2. Nf3 Nf6 3. e3 c5 4. c3 e6 5. Bd3 Nc6 6. Nbd2 Bd6 7. O-O O-O 8. dxc5
Bxc5 9. e4 Qc7 10. exd5 exd5 11. Nb3 Bb6 12. Qc2 Re8 13. Bg5 Ne4 14. Rae1 Bf5
15. Be3 Bg6 16. Bxb6 Qxb6 17. Re3 Re7 18. Nbd4 Rae8 19. Rfe1 Kf8 20. a4 Nxd4
21. cxd4 f6 22. b3 Rc7 23. Qb2 Qb4 24. Nh4 Bf7 25. Bb1 Ng5 26. Rxe8+ Bxe8 27.
Qe2 Bf7 28. Qd1 Rc3 29. Nf5 Ne6 30. h3 g6 31. Nh6 Nxd4 32. Qg4 Rxb3 33. Qd1 Be8
34. Ba2 Rb2 35. Bxd5 Bxa4 36. Qc1 Ne2+ 0-1

[Event "MCR_SF24"]
[Site "?"]
[Date "2010.??.??"]
[Round "?"]
[White "Goc, Pavel"]
[Black "Farny, Miroslav"]
[Result "0-1"]
[WhiteElo "2154"]
[BlackElo "1995"]
[PlyCount "76"]
[EventDate "2010.??.??"]
[EventType "corr"]
[EventRounds "2"]
[SourceDate "2010.08.23"]

1. d4 d5 2. Nf3 e6 3. e3 Nf6 4. Bd3 c5 5. c3 Nbd7 6. Nbd2 Bd6 7. O-O O-O 8. Re1
Qc7 9. e4 cxd4 10. cxd4 dxe4 11. Nxe4 Nxe4 12. Rxe4 Nf6 13. Rh4 g6 14. Qd2 Re8
15. b3 Bd7 16. Bb2 Bc6 17. d5 Nxd5 18. Qh6 f5 19. Ng5 e5 20. Nxh7 Qg7 21. Qxg7+
Kxg7 22. Rd1 Rad8 23. Ng5 Kf6 24. Nh7+ Ke7 25. Bc1 Nf4 26. Bd2 Bc5 27. Bxf4
exf4 28. Rxf4 Be4 29. b4 Bd6 30. Rxe4+ fxe4 31. Re1 Bxh2+ 32. Kxh2 Rxd3 33.
Rxe4+ Kd8 34. Rf4 Rh8 35. Rf8+ Rxf8 36. Nxf8 Rd6 37. Kg3 Ke7 38. Nh7 Ra6 0-1

[Event "MCR_SF24"]
[Site "?"]
[Date "2010.??.??"]
[Round "?"]
[White "Goc, Pavel"]
[Black "Fejfar, Vlastimil"]
[Result "0-1"]
[WhiteElo "2154"]
[BlackElo "2186"]
[PlyCount "82"]
[EventDate "2010.??.??"]
[EventType "corr"]
[EventRounds "2"]
[SourceDate "2010.08.23"]

1. d4 Nf6 2. Nf3 g6 3. Bg5 Bg7 4. Nbd2 d5 5. e3 O-O 6. Bd3 c5 7. c3 Qb6 8. Qb3
Qxb3 9. axb3 cxd4 10. exd4 a6 11. O-O Nc6 12. b4 Bd7 13. Rfe1 Rfe8 14. b5 axb5
15. Bxb5 e6 16. Bd3 h6 17. Bf4 g5 18. Bd6 Bf8 19. Bxf8 Kxf8 20. h3 Ke7 21. g4
h5 22. Nxg5 hxg4 23. hxg4 Nxg4 24. Kf1 Rxa1 25. Rxa1 Rh8 26. Ke2 f6 27. Ngf3 e5
28. dxe5 fxe5 29. Bc2 e4 30. Nxe4 dxe4 31. Bxe4 Nd8 32. Rg1 Rf8 33. c4 Rf4 34.
Bd5 Be6 35. Bxe6 Nxe6 36. b3 Nc5 37. b4 Ne4 38. Rg2 Kd6 39. Ke1 Nexf2 40. Nd2
Nd3+ 41. Ke2 Nxb4 0-1

[Event "MCR_SF24"]
[Site "?"]
[Date "2010.??.??"]
[Round "?"]
[White "Goc, Pavel"]
[Black "Struzka, Vlastimil"]
[Result "0-1"]
[WhiteElo "2154"]
[BlackElo "2235"]
[PlyCount "84"]
[EventDate "2010.??.??"]
[EventType "corr"]
[EventRounds "2"]
[SourceDate "2010.08.23"]

1. e4 c5 2. Nf3 Nc6 3. d4 cxd4 4. Nxd4 Nf6 5. Nc3 e6 6. Nxc6 bxc6 7. e5 Nd5 8.
Ne4 Qc7 9. f4 Qa5+ 10. c3 Qb6 11. Bd3 Be7 12. Qe2 O-O 13. a3 Bb7 14. c4 f5 15.
cxd5 fxe4 16. Qxe4 g6 17. dxe6 c5 18. Qc4 dxe6 19. O-O Bd5 20. Qb5 Qxb5 21.
Bxb5 c4 22. Rd1 Bc5+ 23. Kf1 g5 24. g3 gxf4 25. gxf4 Kf7 26. f5 Rg8 27. Bd7 Ke7
28. Rxd5 exd5 29. Be6 Rg1+ 30. Ke2 Rd8 31. h4 Ke8 32. f6 h6 33. Bxh6 Rxa1 34.
f7+ Ke7 35. Bxd5 Rg1 36. Bxc4 Rh8 37. Bg5+ Kf8 38. Bd5 Be7 39. Be3 Rb1 40. Bxa7
Rxb2+ 41. Kd3 Rxh4 42. Bd4 Rd2+ 0-1

[Event "MCR_SF24"]
[Site "?"]
[Date "2010.??.??"]
[Round "?"]
[White "Goc, Pavel"]
[Black "Trs, Jan"]
[Result "0-1"]
[WhiteElo "2154"]
[BlackElo "2075"]
[PlyCount "110"]
[EventDate "2010.??.??"]
[EventType "corr"]
[EventRounds "2"]
[SourceDate "2010.08.23"]

1. e4 c6 2. d4 d5 3. exd5 cxd5 4. c4 Nf6 5. Nc3 e6 6. Nf3 Bb4 7. cxd5 Nxd5 8.
Bd2 Nc6 9. Bd3 O-O 10. O-O Be7 11. Qe2 Nf6 12. Ne4 Qb6 13. a3 Bd7 14. Nxf6+
Bxf6 15. Qe4 g6 16. Be3 Ne7 17. Ne5 Bc6 18. Qg4 Nf5 19. Nxc6 bxc6 20. Bxf5 exf5
21. Qf4 Rfe8 22. Rac1 Qxb2 23. Rxc6 Re4 24. Qc7 Bxd4 25. Bxd4 Rxd4 26. Rf6 Qb3
27. h3 a5 28. Re1 a4 29. Re7 Rf8 30. Kh2 Rd3 31. Ra6 Qxa3 32. Ra7 Qa2 33. Qe5
Qc4 34. Rec7 Qh4 35. Re7 Rdd8 36. Qe3 Qb4 37. Qg3 Rd2 38. Qe3 Qd6+ 39. g3 Rd1
40. Qf3 Ra1 41. Red7 Qe5 42. Re7 Qb2 43. Reb7 Qc1 44. Qg2 a3 45. f4 Qd1 46. Rd7
Qb1 47. Rab7 Qa2 48. Rd2 Qe6 49. Re2 Qc4 50. Rc2 Qa6 51. Rc6 Qxb7 52. Rxg6+
hxg6 53. Qxb7 Ra2+ 54. Kg1 Rb2 55. Qc7 a2 0-1

[Event "MCR_SF24"]
[Site "?"]
[Date "2010.??.??"]
[Round "?"]
[White "Struzka, Vlastimil"]
[Black "Dlouhy, Radek"]
[Result "1/2-1/2"]
[WhiteElo "2235"]
[BlackElo "2160"]
[PlyCount "119"]
[EventDate "2010.??.??"]
[EventType "corr"]
[EventRounds "2"]
[SourceDate "2010.08.23"]

1. d4 Nf6 2. c4 e6 3. Nc3 d5 4. Nf3 Be7 5. Bf4 O-O 6. e3 c5 7. dxc5 Bxc5 8. Bd3
Nc6 9. O-O dxc4 10. Bxc4 Qe7 11. a3 Nh5 12. Bg5 f6 13. Bh4 g5 14. Nd4 Bxd4 15.
exd4 Nf4 16. Bg3 Rd8 17. Qc1 Nxd4 18. Bxf4 gxf4 19. Qxf4 Kh8 20. Rae1 Qg7 21.
Ne4 b5 22. Bd3 f5 23. Nd6 Rxd6 24. Qxd6 Nf3+ 25. Kh1 Nxe1 26. Qd8+ Qg8 27.
Qxg8+ Kxg8 28. Rxe1 Bd7 29. Kg1 Rc8 30. f4 Kf7 31. Kf2 b4 32. axb4 Rb8 33. Ra1
Rxb4 34. Rxa7 Rxb2+ 35. Ke3 Ke8 36. Be2 Rb3+ 37. Kd4 Rb4+ 38. Ke5 Re4+ 39. Kf6
Kd8 40. Ra8+ Kc7 41. Ra2 Rxf4 42. Bf3 Rb4 43. Rc2+ Kd8 44. g3 Rd4 45. Rc3 Rd2
46. h4 Bc8 47. h5 Bd7 48. g4 fxg4 49. Bxg4 Rg2 50. Bd1 Rg1 51. Rd3 Kc7 52. Rd2
h6 53. Bc2 Bc6 54. Kxe6 Re1+ 55. Kf6 Rh1 56. Bd1 Be8 57. Rd5 Bc6 58. Rd3 Be8
59. Bf3 Rh3 60. Rc3+ 1/2-1/2

[Event "MCR_SF24"]
[Site "?"]
[Date "2010.??.??"]
[Round "?"]
[White "Struzka, Vlastimil"]
[Black "Farny, Miroslav"]
[Result "1-0"]
[WhiteElo "2235"]
[BlackElo "1995"]
[PlyCount "31"]
[EventDate "2010.??.??"]
[EventType "corr"]
[EventRounds "2"]
[SourceDate "2010.08.23"]

1. d4 d5 2. c4 Nf6 3. Nf3 e6 4. Nc3 c6 5. e3 Nbd7 6. Bd3 h6 7. O-O Qc7 8. h3 b6
9. cxd5 exd5 10. Bd2 Bb7 11. Rc1 O-O-O 12. Nb5 Qb8 13. Ne5 Nxe5 14. dxe5 Nd7
15. Qa4 a6 16. Nd4 1-0

[Event "MCR_SF24"]
[Site "?"]
[Date "2010.??.??"]
[Round "?"]
[White "Struzka, Vlastimil"]
[Black "Fejfar, Vlastimil"]
[Result "1-0"]
[WhiteElo "2235"]
[BlackElo "2186"]
[PlyCount "69"]
[EventDate "2010.??.??"]
[EventType "corr"]
[EventRounds "2"]
[SourceDate "2010.08.23"]

1. d4 Nf6 2. c4 e6 3. Nc3 c6 4. e4 Bb4 5. e5 Ne4 6. Qc2 d5 7. exd6 Nxd6 8. Nf3
Nf5 9. a3 Ba5 10. Be3 Nd7 11. Bd3 Nxe3 12. fxe3 Nf6 13. O-O Bc7 14. b4 O-O 15.
e4 e5 16. d5 Ng4 17. Rae1 cxd5 18. Nxd5 Be6 19. c5 a5 20. Bc4 Rb8 21. h3 Nf6
22. Rd1 Nd7 23. Rf2 Nf6 24. Ng5 Nxd5 25. exd5 Qxg5 26. dxe6 fxe6 27. Rd7 Qe3
28. Rxc7 axb4 29. axb4 Qe1+ 30. Bf1 Rf4 31. Qa2 Qe3 32. Rc8+ Rf8 33. Rxb8 Rxb8
34. Qxe6+ Kh8 35. Qf5 1-0

[Event "MCR_SF24"]
[Site "?"]
[Date "2010.??.??"]
[Round "?"]
[White "Struzka, Vlastimil"]
[Black "Goc, Pavel"]
[Result "1-0"]
[WhiteElo "2235"]
[BlackElo "2154"]
[PlyCount "69"]
[EventDate "2010.??.??"]
[EventType "corr"]
[EventRounds "2"]
[SourceDate "2010.08.23"]

1. d4 Nf6 2. c4 e6 3. Nc3 Bb4 4. e3 O-O 5. Nf3 d5 6. Bd3 c5 7. O-O Nc6 8. h3
dxc4 9. Bxc4 cxd4 10. exd4 b6 11. Be3 Bb7 12. Bd3 Rc8 13. Rc1 Nd5 14. Nxd5 Qxd5
15. Ng5 g6 16. Be4 Qd7 17. Qa4 Bd6 18. Rfd1 Bb8 19. d5 exd5 20. Bxd5 Qc7 21. g3
Rcd8 22. Qh4 h5 23. Ne4 Qe5 24. Nf6+ Kh8 25. Rxc6 Bxc6 26. Bd4 Qf5 27. g4 Qf4
28. Nxh5+ Qxd4 29. Rxd4 Be5 30. g5 Kg8 31. Nf6+ Bxf6 32. gxf6 Rfe8 33. Qh6 Re1+
34. Kh2 Rxd5 35. Qg7# 1-0

[Event "MCR_SF24"]
[Site "?"]
[Date "2010.??.??"]
[Round "?"]
[White "Struzka, Vlastimil"]
[Black "Trs, Jan"]
[Result "0-1"]
[WhiteElo "2235"]
[BlackElo "2075"]
[PlyCount "124"]
[EventDate "2010.??.??"]
[EventType "corr"]
[EventRounds "2"]
[SourceDate "2010.08.23"]

1. d4 Nf6 2. c4 g6 3. Nc3 d5 4. Nf3 Bg7 5. Bg5 Ne4 6. cxd5 Nxg5 7. Nxg5 e6 8.
Nf3 exd5 9. e3 O-O 10. Qb3 c6 11. Bd3 Nd7 12. O-O Re8 13. h3 Nf8 14. Rfe1 Ne6
15. Rac1 b6 16. Ne2 Bd7 17. h4 Qe7 18. Nc3 h5 19. Qc2 Bf6 20. g3 Rac8 21. a3
Rcd8 22. b4 Qd6 23. Bxg6 fxg6 24. Qxg6+ Ng7 25. Ng5 Bf5 26. Qf7+ Kh8 27. Qxe8+
Nxe8 28. Nf7+ Kg7 29. Nxd6 Nxd6 30. Ne2 Rc8 31. Nf4 Kh6 32. Kg2 b5 33. f3 a6
34. Rc3 Nc4 35. e4 dxe4 36. fxe4 Re8 37. e5 Bd8 38. Rec1 Bb6 39. Rxc4 bxc4 40.
Rxc4 Be4+ 41. Kh3 Rb8 42. d5 Bxd5 43. Nxd5 cxd5 44. Rc6+ Kg7 45. Kg2 Bd4 46.
Rxa6 Bxe5 47. Re6 Bf6 48. Re3 Kf7 49. Kf3 d4 50. Rd3 Re8 51. a4 Ke6 52. Ke4
Kd6+ 53. Kf5 Re3 54. Rd1 Rf3+ 55. Ke4 Rxg3 56. Kf5 Rf3+ 57. Ke4 Re3+ 58. Kf5
Be5 59. Kg5 d3 60. b5 Bc3 61. Kf4 Rh3 62. b6 d2 0-1